Sổ tay thư tín thương mại quốc tế = International Business Corespondence Handbook /

Đã lưu trong:
Sonraí Bibleagrafaíochta
Príomhúdar: Holt, Ron
Údair Eile: Nguyễn Quốc Hùng, Sampson, Nick
Formáid: Sách giấy
Teanga:Vietnamese
English
Foilsithe: TP.HCM : TP.HCM , 1999
Clibeanna: Cuir Clib Leis
Gan Chlibeanna, Bí ar an gcéad duine leis an taifead seo a chlibeáil!
Thư viện lưu trữ: Thư viện Trường Đại học Đà Lạt
LEADER 00712nam a2200265 4500
001 DLU020017783
005 ##5/2/2001
020 # # |a 978- 
041 # # |a vie  |a eng 
082 # # |a 808.066  |b HO-R 
100 # # |a Holt, Ron 
245 # # |a Sổ tay thư tín thương mại quốc tế =  |b International Business Corespondence Handbook /  |c Ron Holt, Nick Sampson; Nguyễn Quốc Hùng dịch 
260 # # |a TP.HCM :  |b TP.HCM ,  |c 1999 
300 # # |a 340 tr.;   |c 25 cm. 
700 # # |a Nguyễn Quốc Hùng 
700 # # |a Sampson, Nick 
992 # # |a 52000 
994 # # |a DLU 
900 # # |a False 
911 # # |a Administrator 
925 # # |a G 
926 # # |a A 
927 # # |a SH 
980 # # |a Thư viện Trường Đại học Đà Lạt